Dzielnice Gdyni po opisie - Statystyki

Ogólne statystyki
  • Ten quiz został rozwiązany 30 razy
  • Średni wynik to 12 z 21
Statystyki odpowiedzi
Opis Dzielnica % Poprawnych
Jedyna dzielnica Gdyni granicząca bezpośrednio z Rumią Cisowa
92%
Na terenie tej dzielnicy znajduje się skrzyżowanie ul. morskiej i Estakady Kwiatkowskiego Leszczynki
71%
Na terenie tej dzielnicy znajdują się m.in. port, Skwer Kościuszki i ul. świętojańska Śródmieście
71%
Najludniejsza dzielnica Gdyni, posiada własny herb Chylonia
67%
Na terenie tej dzielnicy znajdują się m.in. galeria handlowa ,,Riviera" oraz II LO Działki Leśne
67%
Dzieli nazwę z najbardziej rozpoznawalnym wzniesieniem na terenie miasta Kamienna Góra
67%
Od nazwy tej dzielnicy wziął nazwę najpopularniejszy gdyński klif Orłowo
67%
Na jej terenie znajduje się Pomorski Park Naukowo-Technologiczny Redłowo
63%
Dzielnica w całości otoczona przez las Witomino
63%
Najstarsza dzielnica Gdyni Oksywie
58%
Dzieli nazwę z sąsiednią miejscowością Pogórze
58%
Na terenie tej dzielnicy znajduje się m.in. stadion Arki Gdynia Mały Kack
54%
Szybko rozwijająca się dzielnica na obrzeżach miasta, największa powierzchniowo Chwarzno-Wiczlino
50%
Na terenie tej dzielnicy wznosi się Góra Donas (205,6 m.n.p.m.) Dąbrowa
50%
Osada o takiej samej nazwie jak ta dzielnica została połączona z Gdynią w 1429 roku Grabówek
50%
Na terenie tej dzielnicy znajdują się źródła potoku Źródło Marii Wielki Kack
50%
W latach 1952-1990 dzielnica ta nosiła nazwę Wzgórze Nowotki Wzgórze św. Maksymiliana
50%
Teren tej dzielnicy niegdyś zajmował folwark Nowe Obłuże Babie Doły
42%
Jej nazwa pochodzi od starosłowiańskiego słowa, oznaczającego drogę na pastwisko dla krów Karwiny
42%
Obecnie 2. najludniejsza dzielnica Obłuże
38%
Na terenie tej dzielnicy, przy ul. pawiej, zachowały się domy wybudowane podczas okupacji niemieckiej dla lotników Luftwaffe Pustki Cisowskie-Demptowo
29%
Nie znaleziono quizów pasujących do podanych kryteriów
Rozkład punktacji
Procent ludzi z każdym wynikiem
Percentyl według liczby udzielonych odpowiedzi
Twoja historia wyników
Nie rozwiązałeś tego quizu